|
|
|
|
| LEADER |
00000nam0a2200000 4500 |
| 001 |
29855 |
| 005 |
20231030203654.0 |
| 010 |
|
|
|a 5862256342
|
| 035 |
|
|
|a (RuTPU)RU\TPU\book\30121
|
| 035 |
|
|
|a BOOK00030197
|
| 090 |
|
|
|a 29855
|
| 100 |
|
|
|a 20011209d2000 m y0rusy50 ca
|
| 101 |
0 |
|
|a rus
|
| 102 |
|
|
|a RU
|
| 105 |
|
|
|a y g 001zy
|
| 200 |
1 |
|
|a Справочник финансиста предприятия
|
| 205 |
|
|
|a 2-е изд., доп. и перераб.
|
| 210 |
|
|
|a Москва
|c Инфра-М
|d 2000
|
| 215 |
|
|
|a 558 с.
|
| 225 |
1 |
|
|a Справочники "Инфра-М"
|
| 320 |
|
|
|a Библиогр. в конце глав.
|
| 333 |
|
|
|a Исключено из фонда НТБ ТПУ
|
| 686 |
|
|
|a У9(2)261.9я2
|v LBC/SL-A
|2 rubbk
|
| 801 |
|
0 |
|a RU
|b 63413507
|c 20011209
|g PSBO
|
| 801 |
|
2 |
|a RU
|b 63413507
|c 20210617
|g PSBO
|
| 942 |
|
|
|c BK
|